000 00562nam a2200205Ia 4500
003 OSt
005 20230405103832.0
008 210423s2007 xx 000 0 und d
020 _a8130904535
040 _cAL
041 _aeng
082 _a809.935 BLOH
100 _aBLOOM (Harold),Ed.
_983107
245 _aViva blooms notes Aldous Huxleys brave new world.
260 _aNew Delhi
_bViva Books Pvt Ltd
_c2007
300 _a96
_bPB
365 _b70
_cINR
906 _aAldous ; blooms ; brave ; Huxleys ; new ; notes ; Viva ; world.
942 _2ddc
_cBK
999 _c158083
_d158083